书目信息 |
| 题名: |
滑动摩擦副温度场模型研究及应用
|
|
| 作者: | 魏巍 著 | |
| 分册: | ||
| 出版信息: | 北京 中国水利水电出版社 2019 |
|
| 页数: | 162页 | |
| 开本: | 24cm | |
| 丛书名: | ||
| 单 册: | ||
| 中图分类: | O313.5 | |
| 科图分类: | ||
| 主题词: | 滑动摩擦--温度场--模型 | |
| 电子资源: | ||
| ISBN: | 978-7-5170-6745-0 | |
| 000 | 00848nam0 2200229 450 | |
| 001 | 2334843464 | |
| 005 | 20231124094059.80 | |
| 010 | @a978-7-5170-6745-0@dCNY50.00 | |
| 100 | @a20190406d2019 em y0chiy50 ea | |
| 101 | 0 | @achi |
| 102 | @aCN@b110000 | |
| 105 | @aa z 000yy | |
| 106 | @ar | |
| 200 | 1 | @a滑动摩擦副温度场模型研究及应用@Ahua dong mo ca fu wen du chang mo xing yan jiu ji ying yong@f魏巍著 |
| 210 | @a北京@c中国水利水电出版社@d2019 | |
| 215 | @a162页@c图@d24cm | |
| 330 | @a本书主要内容包括:端面滑动摩擦温度场构建方案设计、端面滑动摩擦温度场测量系统结构设计、减小摩擦界面发射率对红外探头测温的影响、端面滑动摩擦温度场修正方法研究及模型建立、滑动摩擦温度场重建及应用等。 | |
| 606 | 0 | @a滑动摩擦@x温度场@x模型 |
| 690 | @aO313.5@v5 | |
| 701 | 0 | @a魏巍@Awei wei@4著 |
| 801 | 0 | @aCN@b安徽时代@c20230923 |
| 905 | @aBZT@dO313.5@e1 | |
| 滑动摩擦副温度场模型研究及应用/魏巍著.-北京:中国水利水电出版社,2019 |
| 162页:图;24cm |
| ISBN 978-7-5170-6745-0:CNY50.00 |
| 本书主要内容包括:端面滑动摩擦温度场构建方案设计、端面滑动摩擦温度场测量系统结构设计、减小摩擦界面发射率对红外探头测温的影响、端面滑动摩擦温度场修正方法研究及模型建立、滑动摩擦温度场重建及应用等。 |
| ● |
| 相关链接 |
|
|
|
正题名:滑动摩擦副温度场模型研究及应用
索取号:O313.5/1
 
预约/预借
| 序号 | 登录号 | 条形码 | 馆藏地/架位号 | 状态 | 备注 |
| 1 | 2001042570 | 2001042570 | 中教第一批/山东中教(第一批)/560/ [索取号:O313.5/1] | 在馆 | |
| 2 | 2001042571 | 2001042571 | 中教第一批/山东中教(第一批)/560/ [索取号:O313.5/1] | 在馆 | |
| 3 | 2001042572 | 2001042572 | 中教第一批/山东中教(第一批)/560/ [索取号:O313.5/1] | 在馆 | |
| 4 | 2001042573 | 2001042573 | 中教第一批/山东中教(第一批)/560/ [索取号:O313.5/1] | 在馆 | |
| 5 | 2001042574 | 2001042574 | 中教第一批/山东中教(第一批)/560/ [索取号:O313.5/1] | 在馆 | |
| 6 | 2001042575 | 2001042575 | 中教第一批/山东中教(第一批)/560/ [索取号:O313.5/1] | 在馆 |